000
00273nam a2200121 a 4500
008
101022s1966|||| d
100
1
_a
Loti, Piere
245
1
0
_a
Islandský rybár
260
_b
Tatran
_a
Bratislava
_c
1966
020
_c
12
041
_a
slo
044
_a
xo
_c
SK
999
_c
12056
_d
12056